[Event "Int. Stuttgarter Stadtmeisterschaft A"]
[Site "Ditzingen"]
[Date "2014.05.30"]
[Round "5.43"]
[White "Braun, R�diger-Thomas"]
[Black "Fahnenschmidt, Gerhard"]
[Result "1-0"]
[WhiteElo "1935"]
[BlackElo "1988"]
[PlyCount "77"]
[EventDate "2014.??.??"]
[WhiteTeam "SF Birkenfeld"]
[BlackTeam "VfL Sindelfingen"]

1. e4 c5 2. d4 cxd4 3. c3 d5 4. exd5 Qxd5 5. cxd4 Nc6 6. Nf3 Bg4 7. Be2 Nf6 8.
Nc3 Qa5 9. O-O Rd8 10. Be3 e5 11. Qb3 Nxd4 12. Bxd4 exd4 13. Bb5+ Nd7 14. Ng5
Bh5 15. Rfe1+ Be7 16. Nd5 O-O 17. Nxe7+ Kh8 18. Qa4 Qxa4 19. Bxa4 Nc5 20. Bb5
h6 21. b4 Nd7 22. Nf3 Bxf3 23. gxf3 Nf6 24. Bd3 g6 25. Kf1 Kg7 26. Rac1 Rd7 27.
Bb5 Rd6 28. Rc7 Rb6 29. Bd3 Rxb4 30. Nxg6 Nd5 31. Rd7 Rc8 32. Rxd5 fxg6 33. Re6
Rc6 34. Rd7+ Kf8 35. Ree7 Rf6 36. Rh7 Kg8 37. Be4 h5 38. Bd5+ Kf8 39. Rh8# 1-0

[Event "Int. Stuttgarter Stadtmeisterschaft A"]
[Site "Ditzingen"]
[Date "2014.05.30"]
[Round "5.44"]
[White "Unger, Franz"]
[Black "Recker, Martin"]
[Result "1/2-1/2"]
[WhiteElo "1969"]
[BlackElo "1858"]
[PlyCount "39"]
[EventDate "2014.??.??"]
[WhiteTeam "SK Sachsenheim"]
[BlackTeam "SF Freiberg"]

1. e4 d5 2. exd5 Nf6 3. d4 Nxd5 4. c4 Nb6 5. Nf3 Bg4 6. h3 Bh5 7. g4 Bg6 8. Ne5
e6 9. Bg2 c6 10. O-O N8d7 11. b3 Nxe5 12. dxe5 Qc7 13. Bf4 Nd7 14. Re1 O-O-O
15. Qc1 Nc5 16. Bg5 Rd7 17. Bf1 Ne4 18. Nc3 Qxe5 19. Rxe4 Bxe4 20. Bf4 1/2-1/2

[Event "Int. Stuttgarter Stadtmeisterschaft A"]
[Site "Ditzingen"]
[Date "2014.05.30"]
[Round "5.45"]
[White "Santos, Paulo"]
[Black "Pfeifer, Wilfried"]
[Result "0-1"]
[WhiteElo "1837"]
[BlackElo "2053"]
[PlyCount "50"]
[EventDate "2014.??.??"]
[WhiteTeam "SC Lechhausen"]
[BlackTeam "TSF Ditzingen"]

1. e4 c6 2. d4 d5 3. f3 dxe4 4. fxe4 e5 5. Nf3 Bg4 6. dxe5 Qxd1+ 7. Kxd1 Nd7 8.
Bf4 Ne7 9. e6 fxe6 10. Nbd2 O-O-O 11. Ke1 Ng6 12. Bg3 Bb4 13. c3 Be7 14. Bc4
Nc5 15. Nd4 e5 16. N4f3 Nf4 17. Bxf4 exf4 18. Rf1 b5 19. Be2 Nd3+ 20. Bxd3 Rxd3
21. Ne5 Bh4+ 22. g3 fxg3 23. Nxd3 g2+ 24. Nf2 gxf1=Q+ 25. Kxf1 Rf8 0-1

[Event "Int. Stuttgarter Stadtmeisterschaft A"]
[Site "Ditzingen"]
[Date "2014.05.30"]
[Round "5.46"]
[White "Florio, Antonio"]
[Black "Altimira, Jordi"]
[Result "0-1"]
[WhiteElo "1927"]
[BlackElo "1866"]
[PlyCount "56"]
[EventDate "2014.??.??"]
[WhiteTeam "SV Besigheim"]
[BlackTeam "SV Rottweil"]

1. c4 Nf6 2. Nc3 e5 3. g3 d5 4. cxd5 Nxd5 5. Bg2 Nb6 6. Nf3 Nc6 7. O-O Be7 8.
a4 Be6 9. a5 Nd5 10. a6 Nxc3 11. bxc3 f6 12. axb7 Rb8 13. Qa4 Qd7 14. Ng5 Bd5
15. Bh3 f5 16. c4 Bxg5 17. cxd5 Nd4 18. Qxd7+ Kxd7 19. e3 Ne2+ 20. Kh1 Nxc1 21.
Bxf5+ Kd6 22. Rfxc1 Rxb7 23. Ra6+ Kxd5 24. f3 Rb6 25. Rxa7 Bd8 26. Rc3 g6 27.
Rd3+ Kc5 28. Be6 Rxe6 0-1

[Event "Int. Stuttgarter Stadtmeisterschaft A"]
[Site "Ditzingen"]
[Date "2014.05.31"]
[Round "6.1"]
[White "Ivanisevic, Ivan"]
[Black "Schröder, Jan-Christian"]
[Result "1/2-1/2"]
[WhiteElo "2610"]
[BlackElo "2374"]
[PlyCount "40"]
[EventDate "2014.??.??"]
[BlackTeam "SV 1920 Hofheim"]

1. d4 d5 2. c4 e6 3. g3 Nf6 4. Bg2 Be7 5. Nf3 O-O 6. Qc2 b6 7. O-O Bb7 8. cxd5
exd5 9. Nc3 Nbd7 10. Bf4 c6 11. Rfd1 Re8 12. Bh3 Nf8 13. Rac1 Ng6 14. Bg5 Ne4
15. Bxe7 Qxe7 16. e3 Nd6 17. Bg2 Bc8 18. Ne2 Bd7 19. Ne1 Rac8 20. Nd3 Bg4
1/2-1/2

[Event "Int. Stuttgarter Stadtmeisterschaft A"]
[Site "Ditzingen"]
[Date "2014.05.31"]
[Round "6.2"]
[White "Raupp, Thomas"]
[Black "Ikonnikov, Vyacheslav"]
[Result "0-1"]
[WhiteElo "2310"]
[BlackElo "2570"]
[PlyCount "76"]
[EventDate "2014.??.??"]
[WhiteTeam "SC Eppingen"]
[BlackTeam "SF Bad Mergentheim"]

1. d4 Nf6 2. c4 e6 3. Nc3 Bb4 4. Qc2 Nc6 5. Nf3 d6 6. a3 Bxc3+ 7. Qxc3 O-O 8.
Bg5 h6 9. Bxf6 Qxf6 10. e3 a5 11. b3 e5 12. dxe5 dxe5 13. Bd3 Re8 14. Nd2 Bf5
15. Bxf5 Qxf5 16. f3 Rad8 17. Ne4 Qd7 18. Nf2 f5 19. Ra2 e4 20. f4 g5 21. fxg5
hxg5 22. O-O Qg7 23. Qe1 Rf8 24. Rd2 Rxd2 25. Qxd2 Rd8 26. Qe2 Ne5 27. Rd1 Qe7
28. h3 Kg7 29. a4 Kg6 30. Qc2 Rxd1+ 31. Qxd1 Qd6 32. Qc2 Nd3 33. Qc3 Qe5 34.
Qd2 Qa1+ 35. Kh2 Qe1 36. Qxe1 Nxe1 37. Kg1 Nc2 38. Nd1 Na1 0-1

[Event "Int. Stuttgarter Stadtmeisterschaft A"]
[Site "Ditzingen"]
[Date "2014.05.31"]
[Round "6.3"]
[White "Gutman, Lev"]
[Black "Piskur, Mitja"]
[Result "1-0"]
[WhiteElo "2453"]
[BlackElo "2239"]
[PlyCount "73"]
[EventDate "2014.??.??"]
[WhiteTeam "SV Lingen"]
[BlackTeam "BMP Trebnje"]

1. Nf3 f5 2. g3 Nf6 3. Bg2 g6 4. c3 Bg7 5. Qb3 d5 6. d3 c6 7. Bg5 Nbd7 8. O-O
Qb6 9. Nbd2 e5 10. Bxf6 Bxf6 11. e4 Qxb3 12. axb3 dxe4 13. dxe4 Nc5 14. b4 Nxe4
15. Nxe4 fxe4 16. Nd2 Bf5 17. Nxe4 Bxe4 18. Bxe4 O-O-O 19. b5 Kb8 20. bxc6 bxc6
21. Ra6 Rd6 22. Rfa1 Rhd8 23. R1a4 R8d7 24. Bxc6 Rc7 25. Rb4+ Kc8 26. Bb7+ Kd7
27. Rxa7 Be7 28. Kg2 Rf6 29. Rb5 e4 30. Raa5 e3 31. fxe3 Rd6 32. Bd5 Bg5 33. e4
Ke7 34. Ra8 Rf6 35. Rbb8 Rd6 36. h4 Bf6 37. Rf8 1-0

[Event "Int. Stuttgarter Stadtmeisterschaft A"]
[Site "Ditzingen"]
[Date "2014.05.31"]
[Round "6.4"]
[White "Kvetny, Mark"]
[Black "Neyman, Igor"]
[Result "1-0"]
[WhiteElo "2257"]
[BlackElo "2311"]
[PlyCount "65"]
[EventDate "2014.??.??"]
[WhiteTeam "Stuttgarter SF 1879"]
[BlackTeam "Stuttgarter SF 1879"]

1. d4 d5 2. c4 c6 3. Nc3 e6 4. cxd5 exd5 5. Bf4 Bd6 6. Bxd6 Qxd6 7. Qc2 Nf6 8.
e3 O-O 9. Bd3 Re8 10. Nf3 Nbd7 11. h3 Nf8 12. g4 b6 13. O-O-O a5 14. g5 N6d7
15. h4 Ba6 16. h5 Bxd3 17. Qxd3 b5 18. Kb1 a4 19. Ne2 Qe6 20. Ng3 Rab8 21. Rh4
Nb6 22. Nf5 g6 23. Nh6+ Kg7 24. Rf4 Rb7 25. Ne5 Nc4 26. Nhxf7 Qh3 27. hxg6 hxg6
28. Rf6 Qh5 29. Rg1 Re6 30. Nd8 Rxe5 31. dxe5 Nxe5 32. Qc3 Qh2 33. Rc1 1-0

[Event "Int. Stuttgarter Stadtmeisterschaft A"]
[Site "Ditzingen"]
[Date "2014.05.31"]
[Round "6.5"]
[White "Perske, Thore"]
[Black "Kabisch, Thilo"]
[Result "1/2-1/2"]
[WhiteElo "2219"]
[BlackElo "2261"]
[PlyCount "138"]
[EventDate "2014.??.??"]
[WhiteTeam "Sfr.Heidesheim"]
[BlackTeam "SK Schmiden/Cannstatt"]

1. e4 c5 2. Nf3 Nc6 3. d4 cxd4 4. Nxd4 e5 5. Nb5 d6 6. N1c3 a6 7. Na3 Be7 8.
Nc4 b5 9. Ne3 Nf6 10. Bd3 O-O 11. O-O Nb4 12. Be2 Bb7 13. a3 Nc6 14. Bd3 Rc8
15. Ncd5 Nd4 16. c3 Ne6 17. Bc2 Re8 18. a4 Nc5 19. axb5 axb5 20. f3 Ra8 21.
Rxa8 Bxa8 22. Qe2 Bc6 23. Rd1 Nh5 24. g3 Bf8 25. g4 Nf6 26. Nxf6+ Qxf6 27. Nd5
Qd8 28. Be3 Ne6 29. Kg2 Be7 30. Nxe7+ Qxe7 31. Bb3 Rd8 32. Rd2 Kf8 33. Qd1 Qc7
34. Kf2 Ke7 35. Bxe6 Kxe6 36. Qb3+ Ke7 37. Qb4 Be8 38. Rd1 Qc4 39. Qa3 Qa4 40.
Ra1 Ra8 41. Qxa4 Rxa4 42. Rxa4 bxa4 43. c4 Ke6 44. h4 f6 45. Ke2 h5 46. g5 f5
47. Kd3 fxe4+ 48. fxe4 Bg6 49. Bd2 Kd7 50. Be3 Kc6 51. Bf2 Bf7 52. Be3 Be6 53.
Bf2 Bg4 54. Be3 Bf3 55. Bf2 g6 56. Be3 Bd1 57. Bf2 Bb3 58. Be3 Ba2 59. Kc3 Bb1
60. Kb4 Bxe4 61. Kxa4 Bc2+ 62. Kb4 d5 63. Kc3 Ba4 64. cxd5+ Kxd5 65. Kd2 Ke4
66. Ke2 Bb3 67. Kf2 Kd3 68. Bb6 e4 69. Ba7 Kd2 1/2-1/2

[Event "Int. Stuttgarter Stadtmeisterschaft A"]
[Site "Ditzingen"]
[Date "2014.05.31"]
[Round "6.6"]
[White "Lorscheid, Gerhard"]
[Black "Koop, Thorben"]
[Result "1/2-1/2"]
[WhiteElo "2252"]
[BlackElo "2254"]
[PlyCount "32"]
[EventDate "2014.??.??"]
[WhiteTeam "Stuttgarter SF 1879"]
[BlackTeam "SV Lingen"]

1. d4 Nf6 2. c4 g6 3. Nc3 d5 4. Bg5 Ne4 5. Bh4 c5 6. e3 Bg7 7. cxd5 Nxc3 8.
bxc3 Qxd5 9. Nf3 Nc6 10. Be2 cxd4 11. cxd4 O-O 12. O-O b6 13. Rc1 Bb7 14. Qa4
Rfe8 15. Bc4 Qh5 16. Ba6 Bxa6 1/2-1/2

[Event "Int. Stuttgarter Stadtmeisterschaft A"]
[Site "Ditzingen"]
[Date "2014.05.31"]
[Round "6.7"]
[White "Karpatchev, Aleksandr"]
[Black "Wettengel, Alexander"]
[Result "1/2-1/2"]
[WhiteElo "2445"]
[BlackElo "2089"]
[PlyCount "95"]
[EventDate "2014.??.??"]
[WhiteTeam "SF Bad Mergentheim"]
[BlackTeam "Stuttgarter SF 1879"]

1. e4 e6 2. d4 d5 3. e5 c5 4. c3 Nc6 5. Nf3 Qb6 6. a3 Nh6 7. Bd3 cxd4 8. cxd4
Nf5 9. Bxf5 exf5 10. Nc3 Be6 11. b4 Be7 12. O-O O-O 13. Be3 Rac8 14. Qd3 Qd8
15. Rfc1 Qd7 16. Bg5 Bxg5 17. Nxg5 Ne7 18. Nb5 Rxc1+ 19. Rxc1 Rc8 20. Rc5 b6
21. Rxc8+ Qxc8 22. Qc3 Qxc3 23. Nxc3 Bd7 24. h4 h6 25. Nh3 Bc6 26. Kf1 Ng6 27.
g3 Nf8 28. Nf4 Ne6 29. b5 Bb7 30. Nfxd5 Nxd4 31. Nb4 Kf8 32. f4 Ke7 33. Kf2 Ke6
34. Ke3 Nb3 35. Ne2 f6 36. exf6 gxf6 37. Nc6 Bxc6 38. bxc6 Kd6 39. Kd3 Nc5+ 40.
Kc4 Ne6 41. c7 Kxc7 42. Kd5 Kd7 43. h5 Nc7+ 44. Kc4 Ne6 45. Kd5 a6 46. a4 Nc7+
47. Kc4 Ne6 48. Kd5 1/2-1/2

[Event "Int. Stuttgarter Stadtmeisterschaft A"]
[Site "Ditzingen"]
[Date "2014.05.31"]
[Round "6.8"]
[White "Gheng, Josef"]
[Black "Bergauz, Noam"]
[Result "1/2-1/2"]
[WhiteElo "2327"]
[BlackElo "2147"]
[PlyCount "92"]
[EventDate "2014.??.??"]
[WhiteTeam "SC Erdmannhausen"]
[BlackTeam "SK München Südost e.V."]

1. c4 Nf6 2. Nc3 g6 3. g3 Bg7 4. Bg2 O-O 5. d3 Nc6 6. a3 a6 7. Rb1 Rb8 8. Bg5
b5 9. b4 Nd4 10. Nf3 Bb7 11. O-O Ne6 12. Bd2 bxc4 13. dxc4 Ne4 14. Nxe4 Bxe4
15. Rb3 c5 16. Ng5 Bxg2 17. Nxe6 dxe6 18. Kxg2 cxb4 19. axb4 Qd4 20. Bf4 Rb7
21. Qxd4 Bxd4 22. Rd1 e5 23. Bh6 Rfb8 24. e3 Ba7 25. b5 axb5 26. cxb5 f6 27. h4
Bc5 28. Rdb1 Kf7 29. e4 Bd4 30. Bd2 Rc8 31. Kf3 Rc2 32. Be3 Bxe3 33. Kxe3 Rc5
34. b6 Rc6 35. Rb5 Rd6 36. f4 exf4+ 37. gxf4 e5 38. fxe5 fxe5 39. Rxe5 Rdxb6
40. Rxb6 Rxb6 41. Ra5 h6 42. Ra7+ Ke6 43. Kf4 g5+ 44. hxg5 hxg5+ 45. Kxg5 Ke5
46. Re7+ Re6 1/2-1/2

[Event "Int. Stuttgarter Stadtmeisterschaft A"]
[Site "Ditzingen"]
[Date "2014.05.31"]
[Round "6.9"]
[White "Aring, Gerd"]
[Black "Bodrozic, Tomislav"]
[Result "1/2-1/2"]
[WhiteElo "2198"]
[BlackElo "2258"]
[PlyCount "120"]
[EventDate "2014.??.??"]
[WhiteTeam "SV Nürtingen 1920"]
[BlackTeam "SF Birkenfeld"]

1. d4 Nf6 2. Nf3 g6 3. g3 Bg7 4. Bg2 O-O 5. O-O d6 6. c4 Nc6 7. Nc3 a6 8. h3
Bd7 9. Be3 Rb8 10. c5 Na5 11. Nd2 dxc5 12. dxc5 Qc8 13. Kh2 Bc6 14. Rb1 Rd8 15.
Qc2 Bxg2 16. Kxg2 Qe6 17. b4 Nc4 18. Nxc4 Qxc4 19. Qb3 Qxb3 20. Rxb3 Ne8 21.
Rfb1 c6 22. a4 Nc7 23. Bf4 Rbc8 24. b5 cxb5 25. axb5 Ne6 26. c6 axb5 27. cxb7
Nxf4+ 28. gxf4 Rb8 29. Ne4 Rxb7 30. Rxb5 Rbd7 31. Rb8 Bf8 32. Ng3 e6 33. Rxd8
Rxd8 34. Ne4 Kg7 35. Rb7 h6 36. Rb2 Rd5 37. e3 Be7 38. Kf3 Rd7 39. Rc2 Ra7 40.
Rb2 Rc7 41. Ra2 f5 42. Ng3 Kf6 43. Ne2 Rc6 44. Nd4 Rb6 45. Rc2 g5 46. fxg5+
hxg5 47. Rc6 Rxc6 48. Nxc6 Bc5 49. Na5 e5 50. Nb3 e4+ 51. Ke2 Bb6 52. f3 exf3+
53. Kxf3 Kg6 54. e4 f4 55. h4 gxh4 56. Kxf4 Kh5 57. Kf3 Bc7 58. Kg2 Kg4 59. Nd4
Kf4 60. Ne6+ Kxe4 1/2-1/2

[Event "Int. Stuttgarter Stadtmeisterschaft A"]
[Site "Ditzingen"]
[Date "2014.05.31"]
[Round "6.10"]
[White "Bräuner, Uwe"]
[Black "Sokratov, Stanislav"]
[Result "1-0"]
[WhiteElo "2163"]
[BlackElo "2194"]
[PlyCount "141"]
[EventDate "2014.??.??"]
[WhiteTeam "SF Pfullingen"]
[BlackTeam "SC Erdmannhausen"]

1. d4 Nf6 2. Nf3 e6 3. Bg5 h6 4. Bh4 d6 5. Nbd2 g5 6. Bg3 Nh5 7. e3 Nd7 8. Bd3
Bg7 9. Ng1 Nxg3 10. hxg3 Qe7 11. c3 e5 12. Qe2 d5 13. Bf5 Nb6 14. Bxc8 Nxc8 15.
dxe5 Bxe5 16. Ngf3 Bg7 17. Qd3 c6 18. Nd4 Nd6 19. Nf5 Nxf5 20. Qxf5 Qe6 21.
Qxe6+ fxe6 22. g4 a5 23. O-O-O a4 24. a3 b5 25. e4 d4 26. Kc2 dxc3 27. bxc3 Ke7
28. Nf3 c5 29. Rb1 Rab8 30. Nd2 Rhc8 31. Rh3 b4 32. Nc4 bxc3 33. Rxb8 Rxb8 34.
e5 Rf8 35. f3 Rb8 36. Rh1 Kd7 37. Rd1+ Kc7 38. Kxc3 Rb3+ 39. Kc2 Bf8 40. Rd3
Rb8 41. g3 Be7 42. f4 gxf4 43. gxf4 Rg8 44. Ne3 h5 45. gxh5 Rh8 46. f5 Rxh5 47.
f6 Bf8 48. Nc4 Rh2+ 49. Kc3 Kc6 50. Rd8 Rh3+ 51. Kc2 Rh4 52. Rxf8 Rxc4+ 53. Kd3
Rd4+ 54. Ke3 Rd7 55. Re8 Kd5 56. Kf4 c4 57. Re7 Rd8 58. f7 Rf8 59. Kg5 Kxe5 60.
Kg6 c3 61. Kg7 Rc8 62. Re8 Rc7 63. Kg6 Rxf7 64. Kxf7 Kd4 65. Kxe6 c2 66. Rc8
Kd3 67. Kd5 Kd2 68. Kd4 Kd1 69. Kd3 c1=Q 70. Rxc1+ Kxc1 71. Kc3 1-0

[Event "Int. Stuttgarter Stadtmeisterschaft A"]
[Site "Ditzingen"]
[Date "2014.05.31"]
[Round "6.11"]
[White "Dudek, Richard"]
[Black "Weißbeck, Simon"]
[Result "1/2-1/2"]
[WhiteElo "2262"]
[BlackElo "1999"]
[PlyCount "68"]
[EventDate "2014.??.??"]
[WhiteTeam "SC Eppingen"]
[BlackTeam "Heilbronner SV"]

1. e4 e6 2. d4 d5 3. Nd2 Nf6 4. e5 Nfd7 5. Bd3 c5 6. c3 Nc6 7. Ne2 cxd4 8. cxd4
f6 9. exf6 Nxf6 10. Nf3 Bd6 11. Bf4 Qa5+ 12. Qd2 Qxd2+ 13. Bxd2 e5 14. dxe5
Nxe5 15. Nxe5 Bxe5 16. Bb5+ Bd7 17. Bxd7+ Kxd7 18. O-O-O Rac8+ 19. Kb1 Ng4 20.
Be1 Rhf8 21. f3 Ne3 22. Rd3 Nxg2 23. Bg3 Bxg3 24. hxg3 Rce8 25. Rxd5+ Kc6 26.
Rd2 Kb6 27. Nc1 Re1 28. Rxh7 Ne3 29. Re2 Rxe2 30. Nxe2 Rxf3 31. Rxg7 Rf2 32.
Nc1 Nc4 33. Nd3 Rd2 34. Rd7 Nxb2 1/2-1/2

[Event "Int. Stuttgarter Stadtmeisterschaft A"]
[Site "Ditzingen"]
[Date "2014.05.31"]
[Round "6.12"]
[White "Müller, Philipp"]
[Black "Dobosz, Henryk"]
[Result "1/2-1/2"]
[WhiteElo "2063"]
[BlackElo "2401"]
[PlyCount "42"]
[EventDate "2014.??.??"]
[WhiteTeam "SC Neckarsulm e.V."]
[BlackTeam "BG Buchen"]

1. e4 c5 2. Nf3 d6 3. c4 e5 4. Be2 g6 5. O-O Bh6 6. Nc3 Nc6 7. a3 Kf8 8. b4 b6
9. b5 Nce7 10. d3 Kg7 11. Ne1 Bxc1 12. Qxc1 f6 13. Nc2 Nh6 14. a4 a5 15. bxa6
Rxa6 16. f4 Nf7 17. Qb2 Bd7 18. Ra3 Qa8 19. Ne3 Bc6 20. Ng4 Ng8 21. fxe5 Nxe5
1/2-1/2

[Event "Int. Stuttgarter Stadtmeisterschaft A"]
[Site "Ditzingen"]
[Date "2014.05.31"]
[Round "6.13"]
[White "Ludwig, Sebastian"]
[Black "Löhr, Markus"]
[Result "1/2-1/2"]
[WhiteElo "2051"]
[BlackElo "2248"]
[PlyCount "33"]
[EventDate "2014.??.??"]
[WhiteTeam "SV Stuttgart-Wolfbusch 1956 e.V."]
[BlackTeam "SK Schmiden/Cannstatt"]

1. e4 d5 2. exd5 Qxd5 3. Nc3 Qd6 4. d4 Nf6 5. Bc4 c6 6. Nge2 Bf5 7. Ng3 Bg6 8.
O-O e6 9. Bb3 Be7 10. f4 Qd7 11. d5 cxd5 12. f5 exf5 13. Nxd5 Nxd5 14. Qxd5
Qxd5 15. Bxd5 Nc6 16. Nxf5 Bc5+ 17. Be3 1/2-1/2

[Event "Int. Stuttgarter Stadtmeisterschaft A"]
[Site "Ditzingen"]
[Date "2014.05.31"]
[Round "6.14"]
[White "Quernheim, Daniel"]
[Black "Gabriel, Robert"]
[Result "1/2-1/2"]
[WhiteElo "2013"]
[BlackElo "2178"]
[PlyCount "137"]
[EventDate "2014.??.??"]
[WhiteTeam "SC Schachmatt Botnang"]
[BlackTeam "Stuttgarter SF 1879"]

1. d4 e6 2. c4 Bb4+ 3. Bd2 Bxd2+ 4. Nxd2 Nf6 5. e4 d6 6. Ngf3 O-O 7. Qc2 Qe7 8.
e5 dxe5 9. Nxe5 Rd8 10. Ndf3 Qb4+ 11. Qc3 Qxc3+ 12. bxc3 Bd7 13. Bd3 Bc6 14.
O-O Bxf3 15. Nxf3 c5 16. Rfd1 cxd4 17. cxd4 Nc6 18. Rab1 b6 19. Bc2 g6 20. Ba4
Rac8 21. Rbc1 Ne4 22. Kf1 Na5 23. Bb3 Nd6 24. c5 Ne4 25. cxb6 Nxb3 26. axb3
axb6 27. Rc4 b5 28. Rxc8 Rxc8 29. Re1 Nf6 30. Ke2 Rc2+ 31. Nd2 Nd5 32. Ra1 Kg7
33. Ra5 b4 34. Rc5 Rb2 35. g3 Kf6 36. Kd3 Ra2 37. Rc1 g5 38. Rc2 Ra1 39. Ne4+
Kg6 40. Nc5 h5 41. Kc4 h4 42. gxh4 gxh4 43. Nd3 Ra8 44. Re2 Rc8+ 45. Nc5 Kf5
46. f3 Rh8 47. Re4 h3 48. Nd3 Rc8+ 49. Nc5 Nf4 50. Re5+ Kf6 51. Kxb4 Rg8 52.
Ne4+ Ke7 53. Rg5 Rb8+ 54. Rb5 Nd5+ 55. Kc4 Ne3+ 56. Kb4 Nc2+ 57. Ka4 Rxb5 58.
Kxb5 Nxd4+ 59. Kc5 Nxb3+ 60. Kc4 f5 61. Ng5 Nd2+ 62. Kd3 Kf6 63. Nxe6 Nxf3 64.
Nf4 Ng5 65. Ke3 Ke7 66. Kf2 Kd6 67. Ke3 Ke5 68. Ng6+ Kf6 69. Nf4 1/2-1/2

[Event "Int. Stuttgarter Stadtmeisterschaft A"]
[Site "Ditzingen"]
[Date "2014.05.31"]
[Round "6.15"]
[White "Vaysberg, Alexander"]
[Black "Bluma, Marcel"]
[Result "1-0"]
[WhiteElo "2178"]
[BlackElo "2100"]
[PlyCount "55"]
[EventDate "2014.??.??"]
[WhiteTeam "SG Ludwigsburg 1919"]
[BlackTeam "SC Ingersheim e.V."]

1. Nf3 d5 2. g3 Nc6 3. d4 Nf6 4. Bg2 Bf5 5. c4 e6 6. Nc3 Nb4 7. O-O Nc2 8. Rb1
Nb4 9. Ra1 Nc2 10. e4 dxe4 11. Qxc2 exf3 12. Qa4+ c6 13. Bxf3 Nd7 14. d5 Nb6
15. Qb3 Bd3 16. dxc6 Bxc4 17. cxb7 Bxb3 18. bxa8=Q Nxa8 19. Bc6+ Ke7 20. axb3
Kf6 21. Be3 Qc8 22. Be4 Nb6 23. Rfc1 Qb8 24. Ra5 e5 25. Nd5+ Nxd5 26. Rc6+ Ke7
27. Bxd5 Kd8 28. Bxa7 1-0

[Event "Int. Stuttgarter Stadtmeisterschaft A"]
[Site "Ditzingen"]
[Date "2014.05.31"]
[Round "6.16"]
[White "Bräunlin, Klaus"]
[Black "Scheeff, Volker"]
[Result "0-1"]
[WhiteElo "2145"]
[BlackElo "2098"]
[PlyCount "54"]
[EventDate "2014.??.??"]
[WhiteTeam "TG Biberach"]
[BlackTeam "SK Schmiden/Cannstatt"]

1. e4 e6 2. d4 d5 3. Nd2 Be7 4. Ngf3 Nf6 5. e5 Nfd7 6. Bd3 c5 7. c3 Nc6 8. a3
Qb6 9. b4 cxd4 10. cxd4 Nxd4 11. Bb2 Nxf3+ 12. Nxf3 a5 13. Bd4 Qd8 14. b5 Bc5
15. Bb2 b6 16. Qe2 Bb7 17. O-O Qe7 18. Kh1 O-O 19. Rfe1 Rac8 20. Nd4 Qh4 21.
Qe3 f6 22. g3 Qh5 23. Be2 Qxe5 24. Qxe5 fxe5 25. Nxe6 Bxf2 26. Kg2 d4+ 27. Kh3
Rf5 0-1

[Event "Int. Stuttgarter Stadtmeisterschaft A"]
[Site "Ditzingen"]
[Date "2014.05.31"]
[Round "6.17"]
[White "Schwarz, Larissa"]
[Black "Reck, Moritz"]
[Result "1/2-1/2"]
[WhiteElo "1896"]
[BlackElo "2145"]
[PlyCount "72"]
[EventDate "2014.??.??"]
[WhiteTeam "TSV Schott Mainz"]
[BlackTeam "SV Leonberg 1978 eV"]

1. e4 c5 2. Nf3 Nc6 3. d4 cxd4 4. Nxd4 g6 5. Nc3 Bg7 6. Be3 Nf6 7. Bc4 O-O 8.
Bb3 Ng4 9. Qxg4 Nxd4 10. Qd1 Nxb3 11. axb3 a6 12. Nd5 d6 13. Bb6 Qd7 14. Bd4
Qd8 15. Bxg7 Kxg7 16. Qd4+ f6 17. h4 e6 18. Ne3 Qe7 19. O-O-O Rd8 20. f4 b5 21.
e5 d5 22. Ng4 f5 23. Nf6 h5 24. Qd3 Bb7 25. Qg3 Kf7 26. Qg5 Qf8 27. Rh3 Qg7 28.
Rg3 Rh8 29. Kb1 Rac8 30. Rdd3 Qh6 31. Qxh6 Rxh6 32. Rd4 Rhh8 33. Rgd3 Rc5 34.
c4 Ra8 35. cxd5 Bxd5 36. Nxd5 exd5 1/2-1/2

[Event "Int. Stuttgarter Stadtmeisterschaft A"]
[Site "Ditzingen"]
[Date "2014.05.31"]
[Round "6.18"]
[White "Gibicar, Marc"]
[Black "Schmidt, Olaf"]
[Result "0-1"]
[WhiteElo "1917"]
[BlackElo "2139"]
[PlyCount "130"]
[EventDate "2014.??.??"]
[WhiteTeam "SpVgg B�blingen"]
[BlackTeam "SC B�blingen 1975 e.V."]

1. d4 d6 2. e4 Nf6 3. Nc3 g6 4. Be3 c6 5. Qd2 b5 6. Bd3 Nbd7 7. Nf3 Bg7 8. Bh6
O-O 9. Bxg7 Kxg7 10. e5 dxe5 11. dxe5 Ng4 12. Qf4 Ndxe5 13. Nxe5 Qd6 14. O-O-O
Nxe5 15. Qh4 Ng4 16. h3 Nh6 17. Bxb5 Nf5 18. Qe4 Qf6 19. Bxc6 Rb8 20. g4 Nd6
21. Qd4 Qxd4 22. Rxd4 f5 23. Re1 Kf7 24. Bd5+ Ke8 25. g5 Kd8 26. Rh4 Rh8 27.
Ra4 a6 28. Be6 Bxe6 29. Rxe6 Kd7 30. Re5 h6 31. gxh6 Rxh6 32. h4 Rbh8 33. Rxa6
Rb8 34. Ra4 e6 35. Re1 Ke7 36. Nd5+ Kf7 37. Ra7+ Rb7 38. Rxb7+ Nxb7 39. Nc7 Nd8
40. a4 Rxh4 41. a5 Rc4 42. Rd1 Ke7 43. Na6 Nc6 44. b4 Nxb4 45. Nxb4 Rxb4 46.
Kd2 Ra4 47. Ke3 g5 48. c4 Rxa5 49. f4 gxf4+ 50. Kxf4 Ra4 51. Rc1 Kd6 52. Kg5
Kc5 53. Re1 Ra6 54. Rc1 Rc6 55. Kf6 Kb4 56. Ke5 Kc5 57. Rc2 Ra6 58. Rc1 Rb6 59.
Rc2 Rc6 60. Rc1 Kb4 61. Rc2 Kb3 62. Rc1 Rxc4 63. Rd1 Re4+ 64. Kf6 f4 65. Kg5 e5
0-1

[Event "Int. Stuttgarter Stadtmeisterschaft A"]
[Site "Ditzingen"]
[Date "2014.05.31"]
[Round "6.19"]
[White "Ivanov, Stojan Emilov"]
[Black "B�ter, Norbert"]
[Result "0-1"]
[WhiteElo "2244"]
[BlackElo "2049"]
[PlyCount "112"]
[EventDate "2014.??.??"]
[BlackTeam "SpVgg Rommelshausen"]

1. d4 d6 2. Nf3 g6 3. g3 Bg7 4. Bg2 Nf6 5. O-O O-O 6. c4 Nc6 7. Nc3 e5 8. b3
Re8 9. d5 Ne7 10. e4 Nd7 11. Bb2 a5 12. a3 Nc5 13. b4 axb4 14. axb4 Rxa1 15.
Bxa1 Na6 16. Qb3 Bd7 17. Bb2 f5 18. Ng5 Qc8 19. c5 h6 20. cxd6 hxg5 21. dxe7 f4
22. gxf4 gxf4 23. Rd1 Kh7 24. d6 Be6 25. Nd5 cxd6 26. Rd3 Nc7 27. Rc3 Bxd5 28.
exd5 Rxe7 29. Qc2 Qg4 30. h3 Qg5 31. Bc1 e4 32. Rg3 Qf5 33. Rg4 Nxd5 34. Rh4+
Bh6 35. Bb2 g5 36. Rg4 Kg6 37. b5 Bg7 38. Bxg7 Kxg7 39. Bf1 Kf6 40. Qa2 e3 41.
Qa8 e2 42. Qf8+ Kg6 43. Qg8+ Kh6 44. Bxe2 Rxe2 45. Qh8+ Kg6 46. Qg8+ Kf6 47.
Qd8+ Ne7 48. Qxd6+ Qe6 49. Qxe6+ Rxe6 50. h4 gxh4 51. Rxf4+ Nf5 52. Kh2 Re2 53.
Kg1 Rb2 54. Rc4 Rxb5 55. Rc8 Ke5 56. Kh2 Kd4 0-1

[Event "Int. Stuttgarter Stadtmeisterschaft A"]
[Site "Ditzingen"]
[Date "2014.05.31"]
[Round "6.20"]
[White "Eulering, Georg"]
[Black "Flick, Antoine"]
[Result "1/2-1/2"]
[WhiteElo "2143"]
[BlackElo "2045"]
[PlyCount "82"]
[EventDate "2014.??.??"]
[WhiteTeam "SF Schlebusch"]
[BlackTeam "Philidor Mulhouse"]

1. e4 c5 2. c3 d5 3. exd5 Qxd5 4. d4 g6 5. dxc5 Qxc5 6. Na3 a6 7. Be3 Qc7 8.
Qa4+ Nd7 9. Nf3 Bg7 10. Rd1 Ngf6 11. Nb5 Qb8 12. Nbd4 O-O 13. Be2 Nd5 14. Nf5
N7f6 15. Nxg7 Nxe3 16. fxe3 Kxg7 17. Qd4 Be6 18. Ne5 Rd8 19. Qxd8 Qxd8 20. Rxd8
Rxd8 21. Bc4 Nd5 22. Kf2 Kf6 23. Bxd5 Rxd5 24. Nf3 Rb5 25. b3 Ra5 26. Nd4 Rxa2+
27. Kf3 Bd7 28. Rf1 e5 29. Ke4+ Ke7 30. Kxe5 Rxg2 31. h4 Rg4 32. Rf4 Rg1 33.
Kd5 Rg4 34. Kc5 Rxf4 35. exf4 Kd8 36. Kd6 Bg4 37. c4 h6 38. c5 Bd7 39. b4 f6
40. Nf3 Ke8 41. Nd4 Kd8 1/2-1/2

[Event "Int. Stuttgarter Stadtmeisterschaft A"]
[Site "Ditzingen"]
[Date "2014.05.31"]
[Round "6.21"]
[White "Schulte, Torsten"]
[Black "Severin, Andreas"]
[Result "1/2-1/2"]
[WhiteElo "2130"]
[BlackElo "2008"]
[PlyCount "20"]
[EventDate "2014.??.??"]
[WhiteTeam "SC Eppingen"]
[BlackTeam "SV Reutlingen"]

1. d4 e6 2. Nf3 f5 3. g3 Nf6 4. Bg2 Be7 5. O-O O-O 6. c4 Ne4 7. Nbd2 Bf6 8. Qc2
d5 9. b4 Nc6 10. e3 Nxb4 1/2-1/2

[Event "Int. Stuttgarter Stadtmeisterschaft A"]
[Site "Ditzingen"]
[Date "2014.05.31"]
[Round "6.23"]
[White "Tsolakidis, Paschalis"]
[Black "Klaus, Daniel"]
[Result "1/2-1/2"]
[WhiteElo "2097"]
[BlackElo "1921"]
[PlyCount "57"]
[EventDate "2014.??.??"]
[WhiteTeam "DJK Stuttgart-Süd"]
[BlackTeam "SF Möglingen 1976"]

1. d4 d5 2. Nf3 Nf6 3. Bf4 c6 4. Nbd2 Qb6 5. Rb1 Bf5 6. e3 e6 7. Bd3 Bxd3 8.
cxd3 c5 9. Bxb8 Rxb8 10. Qa4+ Nd7 11. Ne5 Rd8 12. Nxd7 Rxd7 13. O-O Bd6 14.
dxc5 Bxc5 15. b4 Bd6 16. Rfc1 Ke7 17. d4 Bb8 18. Rb2 Qd6 19. g3 h5 20. Rbc2 h4
21. Qb5 hxg3 22. hxg3 Qb6 23. Qa4 e5 24. dxe5 Qh6 25. Kf1 Qh3+ 26. Ke1 Qg4 27.
Qb5 Rh1+ 28. Nf1 Bxe5 29. a3 1/2-1/2